000 00839nam a22002537a 4500
001 BR9401911
003 BR-BrBNA
005 20230928093920.0
007 ta
008 230509b bl.||||| |||| 00| 0 por d
040 _aBR-BrBNA
_bpor
_cBiblioteca Nacional de Agricultura
041 _a(Por)
072 _aE10; E13
090 _ E10 BR9401911
110 1 _aConselho de Desenvolvimento Economico, Brasilia, DF (Brasil)
_92600
245 1 _aPrincipais decisoes (normas e programas)adotadas pelo Excelentissimo Senhor Presidente da Republica, apos apreciacao no Conselho de Desenvolvimento Economico - CDE
260 3 _aBrasilia, DF (Brasil):
_c1975.
300 _a92 p.
650 _aDesenvolvimento Economico
650 _aPolitica de Credito
650 _aFinanciamento
909 _a202309
_bLucia
_c55
_dLucia Elande
942 _cBK
999 _c47880
_d47880